000 01003nam a2200313 i 4500
003 EG-GICUC
005 20260425192133.0
008 260420s2006 fr ||||fr|||| 00| 0 fre d
040 0 _aEG-GiCUC
_bfre
_cEG-GiCUC
_dEG-GiCUC
_eRda
041 _afre
082 0 4 _221
_a343.5
_bGI . D
092 0 4 _221
099 _aLaw1 10 343.5 GI . D 6 ed - 2006
100 1 _aGiudicelli-Delage, Geneviève
_eAuteur
245 1 0 _aDroit pénal des affaires /
_cpar Geneviève Giudicelli-Delage
250 _a6e édition
264 1 _aParis :
_bDalloz,
_c2006.
300 _a247 page;
_c 24 cm.
336 _2rda contenu
_a texte
337 _2rda medias
_aOrdinateur
338 _2 transporteur rda
_a Ressource en ligne
504 _aComprend des références bibliographiques et un index.
546 _aTexte en français
650 1 4 _aDroit pénal des affaires
_2qrmak
651 1 _2qrmak
856 4 0 _uhttps://fll.law.cu.edu.eg/fulltext/bks/B10-09078.pdf
905 _a74
942 _2ddc
_n0
_cBK
_e21
999 _c72067
_d72067